| 000 | 00631nam a22001935i 4500 | ||
|---|---|---|---|
| 001 | 157745 | ||
| 003 | ES-MaACL | ||
| 005 | 20250809062559.0 | ||
| 008 | 991110s1880 it |||| | ita d | ||
| 040 |
_aM-RAJU _bspa _cM-RAJU _dCCPB | B |
||
| 100 | 1 |
_aLilla, Vinzenzo. _9128954 |
|
| 245 | 1 | 0 |
_aFilosofia del Diritto / _cper Vincenzo Lilla. |
| 260 |
_aNapoli : _bNicola Jovene, libraio-editore, _c1880. |
||
| 300 |
_a213 p. ; _c23 cm. |
||
| 650 | 4 |
_aDerecho- _xFilosofía _911620 |
|
| 752 |
_aItalia - _dNápoles |
||
| 852 |
_aES-MaACL _jB-5602 _z-- Enc. pasta española _q-- Sólo t.I (XVI, 213 p.) |
||
| 999 |
_c157745 _d157745 |
||